[Event "FRA-ch op-B"]
[Site "Aix les Bains"]
[Date "2007.08.14"]
[Round "1"]
[White "Guyon, Cindy"]
[Black "Constantin, Francois"]
[Result "1-0"]
[WhiteElo "1862"]
[BlackElo "1984"]
[PlyCount "83"]
[EventDate "2007.08.13"]
[EventType "swiss"]
[EventRounds "11"]
[EventCountry "FRA"]
[SourceTitle "CBM 120 Extra"]
[Source "ChessBase"]
[SourceDate "2007.11.01"]
[SourceVersion "1"]
[SourceVersionDate "2007.11.01"]
[SourceQuality "1"]

1. d4 f5 2. Bg5 d5 3. e3 Nd7 4. Bd3 Ndf6 5. c4 c6 6. Nc3 e6 7. Nge2 Bd6 8. Rc1 Bd7 9. Qb3 Qb8 10. Bf4 Bxf4 11. Nxf4 Ne7 12. 0-0 g5 13. Nfe2 Ng6 14. cxd5 exd5 15. Qc2 Ne4 16. f3 Nxc3 17. bxc3 0-0 18. Rb1 Qc7 19. e4 fxe4 20. fxe4 Bg4 21. exd5 Bxe2 22. Bxe2 Nf4 23. dxc6 Nxe2+ 24. Qxe2 bxc6 25. Qg4 h6 26. Qe6+ Kg7 27. Rxf8 Rxf8 28. Re1 Qf4 29. Qe5+ Qxe5 30. Rxe5 Kf6 31. Rc5 Rc8 32. d5 Ke5 33. Rxc6 Rb8 34. c4 Rb1+ 35. Kf2 Rb2+ 36. Ke3 Rxa2 37. Re6+ Kf5 38. g4+ Kxg4 39. d6 Ra1 40. Kd4 a5 41. Kc5 a4 42. d7 1-0

[Event "FRA-ch U18 Girls"]
[Site "Le Grand Bornand"]
[Date "2007.04.11"]
[Round "5"]
[White "Congiu, Mathilde"]
[Black "Guyon, Cindy"]
[Result "1-0"]
[WhiteElo "2125"]
[BlackElo "1872"]
[PlyCount "53"]
[EventDate "2007.04.07"]
[EventType "swiss"]
[EventRounds "9"]
[EventCountry "FRA"]
[SourceTitle "CBM 118 Extra"]
[Source "ChessBase"]
[SourceDate "2007.07.04"]
[SourceVersion "1"]
[SourceVersionDate "2007.07.04"]
[SourceQuality "1"]

1. e4 c6 2. d4 d5 3. Nc3 dxe4 4. Nxe4 Bf5 5. Ng3 Bg6 6. N1e2 h6 7. Nf4 Bh7 8. Bc4 Nf6 9. 0-0 Nbd7 10. Re1 Nb6 11. Bb3 Nbd5 12. c4 Nxf4 13. Bxf4 g5 14. Be5 Bg7 15. Qf3 0-0 16. Nf5 Bxf5 17. Qxf5 Qc8 18. Qd3 Rd8 19. Bc2 Qg4 20. Re3 c5 21. d5 b5 22. b3 a6 23. Rae1 Qh5 24. Bc3 b4 25. Ba1 Ra7 26. Rh3 Qg6 27. Qe2 1-0

[Event "FRA-ch U18 Girls"]
[Site "Le Grand Bornand"]
[Date "2007.04.10"]
[Round "4"]
[White "Guyon, Cindy"]
[Black "Weigel, Marie"]
[Result "1-0"]
[WhiteElo "1872"]
[BlackElo "1863"]
[PlyCount "61"]
[EventDate "2007.04.07"]
[EventType "swiss"]
[EventRounds "9"]
[EventCountry "FRA"]
[SourceTitle "CBM 118 Extra"]
[Source "ChessBase"]
[SourceDate "2007.07.04"]
[SourceVersion "1"]
[SourceVersionDate "2007.07.04"]
[SourceQuality "1"]

1. d4 Nf6 2. c4 e6 3. Nc3 Bb4 4. e3 0-0 5. Bd3 d6 6. Nf3 Qe7 7. e4 e5 8. d5 Nbd7 9. 0-0 Re8 10. Qc2 Nf8 11. Na4 Ng6 12. a3 Ba5 13. b4 Bb6 14. c5 dxc5 15. bxc5 Ba5 16. Bb2 Bg4 17. Nd2 Bxd2 18. Qxd2 Nh5 19. Bb5 Red8 20. f3 Bd7 21. Bxd7 Qxd7 22. Qc2 Nhf4 23. Rfd1 c6 24. Nc3 b6 25. cxb6 axb6 26. d6 Ne6 27. Ne2 c5 28. Qb3 Qc6 29. Qd5 Nd4 30. Rxd4 Qb5 31. Rd2 1-0

[Event "Charleroi op 5th"]
[Site "Charleroi"]
[Date "2006.07.29"]
[Round "1"]
[White "Plachetka, Jan"]
[Black "Guyon, Cindy"]
[Result "1-0"]
[WhiteElo "2427"]
[BlackElo "1835"]
[PlyCount "45"]
[EventDate "2006.07.29"]
[EventType "swiss"]
[EventRounds "9"]
[EventCountry "BEL"]
[SourceTitle "CBM 113 Extra"]
[Source "ChessBase"]
[SourceDate "2006.09.14"]
[SourceVersion "1"]
[SourceVersionDate "2006.09.14"]
[SourceQuality "1"]

1. e4 e6 2. d4 d5 3. Nc3 Bb4 4. Bd3 c5 5. exd5 exd5 6. Nf3 Nf6 7. 0-0 0-0 8. Bg5 Bxc3 9. bxc3 c4 10. Be2 Nc6 11. Ne5 h6 12. Bh4 Re8 13. f4 Qd6 14. Bf3 Nd7 15. Bh5 g6 16. Bf3 Nb6 17. Qd2 Be6 18. Rae1 Rac8 19. g4 Kg7 20. Re2 f6 21. Nxg6 Kxg6 22. f5+ Kg7 23. Bxf6+ 1-0

[Event "FRA-ch U16 Girls"]
[Site "Aix les Bains"]
[Date "2006.??.??"]
[Round "5"]
[White "Guyon, Cindy"]
[Black "Perrusset, Barbara"]
[Result "1-0"]
[WhiteElo "1791"]
[BlackElo "1909"]
[PlyCount "69"]
[EventDate "2006.04.16"]
[EventType "swiss"]
[EventRounds "9"]
[EventCountry "FRA"]
[SourceTitle "EXT 2007"]
[Source "ChessBase"]
[SourceDate "2006.11.23"]
[SourceVersion "1"]
[SourceVersionDate "2006.11.23"]
[SourceQuality "1"]

1. d4 d5 2. c4 e6 3. Nc3 Nf6 4. e3 c6 5. Nf3 Bd6 6. Bd3 Nbd7 7. 0-0 0-0 8. e4 dxc4 9. Bxc4 e5 10. dxe5 Nxe5 11. Be2 Qc7 12. h3 Ng6 13. Bg5 Nh5 14. Rc1 Qb8 15. Nh4 Nxh4 16. Bxh5 Ng6 17. Bg4 Bxg4 18. Qxg4 Qc8 19. Qe2 h6 20. Be3 Qe6 21. f4 Qe7 22. e5 Bc5 23. Ne4 Bxe3+ 24. Qxe3 Kh8 25. Qg3 Rad8 26. Nd6 Rxd6 27. exd6 Qxd6 28. Qf2 b6 29. a3 Re8 30. Rcd1 Qc7 31. Qd2 Nf8 32. Qd6 Qb7 33. Rfe1 Qc8 34. Re7 Rxe7 35. Qxe7 1-0

[Event "FRA-chT2 Nord (Women)"]
[Site "France"]
[Date "2005.02.??"]
[Round "3"]
[White "Guyon, Cindy"]
[Black "Maupin, Valerie"]
[Result "0-1"]
[WhiteElo "1830"]
[BlackElo "2012"]
[PlyCount "132"]
[EventDate "2005.03.01"]
[EventType "team"]
[EventRounds "3"]
[EventCountry "FRA"]
[SourceTitle "EXT 2007"]
[Source "ChessBase"]
[SourceDate "2006.11.23"]
[SourceVersion "1"]
[SourceVersionDate "2006.11.23"]
[SourceQuality "1"]

1. d4 d5 2. c4 e6 3. Nc3 Nf6 4. Bg5 Nbd7 5. e3 c6 6. Nf3 Qa5 7. Bxf6 Nxf6 8. Bd3 dxc4 9. Bxc4 Ne4 10. Rc1 b5 11. Bb3 c5 12. dxc5 Bxc5 13. 0-0 Nxc3 14. Rxc3 Be7 15. Qc2 0-0 16. Rd1 Bf6 17. Rc5 Qb6 18. Rh5 g6 19. Rc5 a5 20. a3 a4 21. Ba2 b4 22. axb4 Qxb4 23. Nd4 Ba6 24. Qc3 Rab8 25. Rd2 Rfd8 26. h3 Qxc3 27. Rxc3 e5 28. Nf3 Rxd2 29. Nxd2 Rxb2 30. Rc6 Rxd2 31. Rxa6 Bh4 32. Rxa4 Bxf2+ 33. Kh2 Bxe3 34. Bb3 Kg7 35. Rb4 Bf4+ 36. Kg1 Bg3 37. Rb7 Rf2 38. Bd5 g5 39. Rb3 Rd2 40. Rxg3 Rxd5 41. Rxg5+ Kf6 42. Rg3 Rd2 43. Ra3 Ke6 44. Ra6+ Rd6 45. Ra7 e4 46. Ra2 f5 47. Kf2 f4 48. Rb2 h5 49. Ra2 Kf6 50. h4 Kf5 51. Re2 Re6 52. Ra2 Kg4 53. Ra8 Kxh4 54. Rg8 Re5 55. g3+ fxg3+ 56. Rxg3 Rg5 57. Re3 Rg4 58. Re1 Kg5 59. Rh1 Rh4 60. Re1 Kf4 61. Kg2 Rg4+ 62. Kf2 h4 63. Rh1 e3+ 64. Ke2 Rg2+ 65. Ke1 Kg3 66. Kf1 h3 0-1

[Event "France-ch U14 Girls"]
[Site "Reims"]
[Date "2004.04.22"]
[Round "6"]
[White "Guyon, Cindy"]
[Black "Richard, Emma"]
[Result "1-0"]
[WhiteElo "1970"]
[BlackElo "1740"]
[PlyCount "89"]
[EventDate "2004.04.??"]
[EventType "swiss"]
[EventRounds "9"]
[EventCountry "FRA"]
[SourceTitle "EXT 2005"]
[Source "ChessBase"]
[SourceDate "2004.11.15"]
[SourceVersion "1"]
[SourceVersionDate "2004.11.15"]
[SourceQuality "1"]

1. d4 d5 2. c4 e6 3. Nc3 Nf6 4. Bg5 Be7 5. e3 0-0 6. Bd3 dxc4 7. Bxc4 a6 8. a4 Nbd7 9. Nge2 c5 10. 0-0 cxd4 11. Nxd4 Nb6 12. Bb3 Nfd5 13. Bxe7 Nxe7 14. Qc2 Bd7 15. Rfd1 Qc7 16. Rac1 Rac8 17. h3 Qb8 18. Qe4 Ng6 19. Nce2 Rxc1 20. Rxc1 e5 21. Nf3 Bc6 22. Qg4 Kh8 23. Ng5 Kg8 24. Qh5 h6 25. Bxf7+ Rxf7 26. Nxf7 Kxf7 27. Qf5+ Kg8 28. Qxg6 Nxa4 29. b3 Nb6 30. Ng3 Nd5 31. Nf5 Qc7 32. Nxh6+ Kf8 33. Qf5+ Nf6 34. Ng4 Qd6 35. Qxe5 Qd2 36. Qc5+ Kg8 37. Nxf6+ gxf6 38. Qc2 Qa5 39. Qg6+ Kf8 40. Qxf6+ Kg8 41. Rd1 Kh7 42. Rd8 Qa1+ 43. Qxa1 Bxg2 44. Qf6 b5 45. Rh8# 1-0

[Event "France-ch U14 Girls"]
[Site "Reims"]
[Date "2004.04.20"]
[Round "4"]
[White "Guyon, Cindy"]
[Black "Miralles, Megane"]
[Result "1-0"]
[WhiteElo "1970"]
[BlackElo "1630"]
[PlyCount "75"]
[EventDate "2004.04.??"]
[EventType "swiss"]
[EventRounds "9"]
[EventCountry "FRA"]
[SourceTitle "EXT 2005"]
[Source "ChessBase"]
[SourceDate "2004.11.15"]
[SourceVersion "1"]
[SourceVersionDate "2004.11.15"]
[SourceQuality "1"]

1. d4 Nf6 2. c4 e5 3. dxe5 Ng4 4. Nf3 Nc6 5. Bf4 Bc5 6. e3 Qe7 7. Nc3 Ngxe5 8. Nd5 Qd6 9. a3 a6 10. b4 b6 11. bxc5 bxc5 12. Be2 0-0 13. 0-0 Bb7 14. Qc2 h6 15. Rfd1 Qg6 16. Qxg6 Nxg6 17. Bxc7 Rac8 18. Rab1 Ba8 19. Bg3 Rcd8 20. Nb6 Nge7 21. Bc7 d6 22. Bxd8 Rxd8 23. Nxa8 Rxa8 24. Rxd6 Rc8 25. Rd7 Kf8 26. Nd2 Ke8 27. Rdb7 Rd8 28. Ne4 Na5 29. Rb8 Nac6 30. Rxd8+ Kxd8 31. Nxc5 a5 32. Bf3 Ne5 33. Nb7+ Kc7 34. Nxa5 Kd6 35. a4 Nc8 36. Rb5 Na7 37. c5+ Kc7 38. Rb7+ 1-0

[Event "FRA-ch U14 Girls"]
[Site "Le Grand Bornand"]
[Date "2003.??.??"]
[Round "4.10"]
[White "Draillard, Margot"]
[Black "Guyon, Cindy"]
[Result "0-1"]
[WhiteElo "1590"]
[BlackElo "1760"]
[PlyCount "132"]
[EventDate "2003.??.??"]
[EventType "swiss"]
[EventRounds "9"]
[EventCountry "FRA"]
[SourceTitle "EXT 2004"]
[Source "ChessBase"]
[SourceDate "2003.11.25"]
[SourceVersion "1"]
[SourceVersionDate "2003.11.25"]
[SourceQuality "1"]

1. d4 Nf6 2. c4 g6 3. Nf3 Bg7 4. Nc3 d5 5. Bg5 Ne4 6. Nxd5 Nxg5 7. Nxg5 c6 8. Nc3 Qxd4 9. Qb3 0-0 10. Rd1 Qb6 11. Qa3 Bd4 12. Nge4 Bf5 13. c5 Bxc3+ 14. Nxc3 Qc7 15. e3 Nd7 16. Be2 b6 17. cxb6 Qxb6 18. 0-0 Qc5 19. Qxc5 Nxc5 20. Bf3 Rac8 21. Ne2 Be4 22. Bxe4 Nxe4 23. Rd7 Rfd8 24. Rxe7 Rd2 25. Nf4 Nf6 26. Rxa7 Rxb2 27. Rd1 c5 28. h3 c4 29. Rc1 c3 30. Nd3 Rd2 31. Nb4 c2 32. Nxc2 Rdxc2 33. Rxc2 Rxc2 34. Ra8+ Kg7 35. a4 Ra2 36. g4 Ne4 37. f4 Nc3 38. a5 Nd5 39. g5 Nxe3 40. a6 Nd5 41. a7 Nc7 42. Rd8 Rxa7 43. Rd7 Nb5 44. Rxa7 Nxa7 45. Kg2 f6 46. Kg3 Nc6 47. gxf6+ Kxf6 48. h4 Kf5 49. Kf3 Nd4+ 50. Ke3 Ne6 51. Kf3 Nxf4 52. Kg3 h6 53. Kf3 Nh3 54. Kg3 Ng1 55. Kh2 Kg4 56. Kxg1 Kxh4 57. Kh2 g5 58. Kg2 Kg4 59. Kf2 h5 60. Kg2 h4 61. Kh2 Kf3 62. Kg1 g4 63. Kf1 h3 64. Kg1 g3 65. Kh1 g2+ 66. Kg1 h2+ 0-1

[Event "FRA-ch U14 Girls"]
[Site "Le Grand Bornand"]
[Date "2003.??.??"]
[Round "5.6"]
[White "Prosper, Coralie"]
[Black "Guyon, Cindy"]
[Result "1-0"]
[WhiteElo "1340"]
[BlackElo "1760"]
[PlyCount "63"]
[EventDate "2003.??.??"]
[EventType "swiss"]
[EventRounds "9"]
[EventCountry "FRA"]
[SourceTitle "EXT 2004"]
[Source "ChessBase"]
[SourceDate "2003.11.25"]
[SourceVersion "1"]
[SourceVersionDate "2003.11.25"]
[SourceQuality "1"]

1. d4 Nf6 2. c4 g6 3. Nc3 d5 4. cxd5 Nxd5 5. e4 Nxc3 6. bxc3 Bg7 7. Nf3 c5 8. Rb1 0-0 9. Be2 Qc7 10. 0-0 Rd8 11. Be3 Nc6 12. Qa4 Bd7 13. Qc2 cxd4 14. cxd4 Rac8 15. Rbc1 Qb8 16. Qd3 Bg4 17. d5 Ne5 18. Nxe5 Bxe2 19. Qxe2 Qxe5 20. Rxc8 Rxc8 21. Bxa7 Bh6 22. f3 f5 23. Re1 Rc1 24. Rxc1 Bxc1 25. Qc4 Bg5 26. Bd4 Qb8 27. d6+ Kf8 28. d7 Qd8 29. Qc8 e6 30. Qxb7 Kf7 31. Bb6 Qe7 32. a4 1-0

[Event "FRA-ch U14 Girls"]
[Site "Le Grand Bornand"]
[Date "2003.??.??"]
[Round "2.10"]
[White "Smara, Lydia"]
[Black "Guyon, Cindy"]
[Result "1-0"]
[WhiteElo "1530"]
[BlackElo "1760"]
[PlyCount "141"]
[EventDate "2003.??.??"]
[EventType "swiss"]
[EventRounds "9"]
[EventCountry "FRA"]
[SourceTitle "EXT 2004"]
[Source "ChessBase"]
[SourceDate "2003.11.25"]
[SourceVersion "1"]
[SourceVersionDate "2003.11.25"]
[SourceQuality "1"]

1. e4 e6 2. d4 d5 3. exd5 exd5 4. Nf3 Bd6 5. Nc3 Nf6 6. Be2 0-0 7. 0-0 c6 8. Re1 Re8 9. Bf1 Rxe1 10. Qxe1 Bf5 11. Bd3 Bxd3 12. cxd3 Nbd7 13. Bd2 Qc7 14. h3 Re8 15. Qf1 h6 16. Re1 Rxe1 17. Qxe1 Nb6 18. Qe2 Bf4 19. Be3 Bxe3 20. Qxe3 Nbd7 21. Ne5 b6 22. Nxd7 Qxd7 23. Qe5 Qe8 24. Qe2 Qxe2 25. Nxe2 Kf8 26. Ng3 g6 27. Kf1 Ke7 28. Ke2 Ke6 29. Ke3 Nd7 30. Kf4 c5 31. Ne2 f5 32. g4 g5+ 33. Kf3 f4 34. h4 Kd6 35. Kg2 Nf6 36. f3 c4 37. Nc1 gxh4 38. Kh3 Ke6 39. Kxh4 Ng8 40. Ne2 Kf6 41. Nxf4 Ne7 42. Kh5 Kg7 43. dxc4 dxc4 44. Ne6+ Kh7 45. f4 Nd5 46. f5 Nf6+ 47. Kh4 Kg8 48. g5 hxg5+ 49. Kxg5 Kf7 50. Nd8+ Kg7 51. Ne6+ Kf7 52. Kh6 Nd5 53. Kg5 Nf6 54. Nf4 Ne4+ 55. Kg4 Nf6+ 56. Kf3 Nh7 57. Nh5 b5 58. d5 b4 59. Ke4 Nf6+ 60. Nxf6 Kxf6 61. d6 c3 62. bxc3 bxc3 63. Kd3 Kf7 64. d7 Ke7 65. Kxc3 Kxd7 66. Kb4 Ke7 67. Kb5 Kf6 68. Ka6 Kxf5 69. Kxa7 Ke5 70. a4 Kd5 71. Kb6 1-0

[Event "FRA-ch U12 Girls"]
[Site "Hyeres"]
[Date "2002.??.??"]
[Round "2.9"]
[White "Cazorla, Roxane"]
[Black "Guyon, Cindy"]
[Result "1/2-1/2"]
[WhiteElo "1510"]
[BlackElo "1360"]
[PlyCount "93"]
[EventDate "2002.04.05"]
[EventType "swiss"]
[EventRounds "9"]
[EventCountry "FRA"]
[SourceTitle "EXT 2003"]
[Source "ChessBase"]
[SourceDate "2002.11.25"]
[SourceVersion "1"]
[SourceVersionDate "2002.11.25"]
[SourceQuality "1"]

1. c4 e6 2. Nc3 Nf6 3. g3 d5 4. d3 Bb4 5. e4 dxe4 6. dxe4 Qxd1+ 7. Kxd1 Bxc3 8. bxc3 Nxe4 9. Ke1 Nxc3 10. Bb2 Ne4 11. Bg2 Nf6 12. Bxf6 gxf6 13. Ne2 Nd7 14. Nd4 a6 15. f4 Nc5 16. Nc6 Bd7 17. Na5 Rb8 18. Ke2 e5 19. Rhf1 Bf5 20. Ke3 e4 21. Nb3 Na4 22. Bxe4 Bxe4 23. Kxe4 Rd8 24. Rfe1 Kf8 25. Kf5 Kg7 26. Re7 b5 27. cxb5 axb5 28. Rc1 Rd5+ 29. Kg4 Rg8 30. Kh3 c5 31. Rb7 c4 32. Na5 Re8 33. Nc6 Rh5+ 34. Kg4 Rh6 35. Nb4 Re3 36. Rxb5 Rxh2 37. Nd5 Re4 38. Rb4 Rd4 39. Nxf6 Kxf6 40. Rxa4 Rd3 41. Ra6+ Kg7 42. Ra5 c3 43. a4 c2 44. Rc5 Rg2 45. R1xc2 Rgxg3+ 46. Kf5 Ra3 47. Ra5 1/2-1/2

[Event "FRA-ch U12 Girls"]
[Site "Hyeres"]
[Date "2002.??.??"]
[Round "6.6"]
[White "Guyon, Cindy"]
[Black "Le Bail, Clara"]
[Result "0-1"]
[WhiteElo "1360"]
[BlackElo "1510"]
[PlyCount "78"]
[EventDate "2002.04.05"]
[EventType "swiss"]
[EventRounds "9"]
[EventCountry "FRA"]
[SourceTitle "EXT 2003"]
[Source "ChessBase"]
[SourceDate "2002.11.25"]
[SourceVersion "1"]
[SourceVersionDate "2002.11.25"]
[SourceQuality "1"]

1. d4 d5 2. c4 c6 3. Nc3 dxc4 4. a4 e5 5. e3 exd4 6. exd4 Be6 7. Nf3 Bb4 8. Be2 Nf6 9. 0-0 Nbd7 10. Bg5 0-0 11. Nd2 Re8 12. Nxc4 Qc7 13. Qc2 h6 14. Bd2 Rad8 15. Bf3 Bxc4 16. Rfe1 a5 17. Rad1 Nb6 18. Bc1 Rxe1+ 19. Rxe1 Rxd4 20. Be2 Bxe2 21. Rxe2 Bxc3 22. Qxc3 Rd1+ 23. Re1 Rxe1+ 24. Qxe1 Nxa4 25. b3 Nc5 26. Qc3 Qb6 27. Be3 Qxb3 28. Qd2 Qb1+ 29. Qc1 Qxc1+ 30. Bxc1 a4 31. Ba3 Nb3 32. f3 b5 33. Kf2 c5 34. Ke2 b4 35. Bb2 a3 36. Be5 Nd7 37. Ba1 Nxa1 38. Kd2 a2 39. Kc1 Nb3+ 0-1